Statistics for Top 50 NBA Small Forwards All-Time

Click here to take the quiz!

General Stats

  • This quiz has been taken 786 times
    (551 since last reset)
  • The average score is 18 of 50

Answer Stats

RankPlayerRetired% Correct
1LeBron James-
99%
3Kevin Durant-
91%
2Larry Bird1992
88%
7Scottie Pippen2004
76%
6Julius Erving1987
67%
12Kawhi Leonard-
67%
5Elgin Baylor1972
61%
9Paul Pïerce2017
60%
4John Havlicek1978
59%
13Carmelo Anthony-
58%
11James Worthy1994
58%
15Dominique Wilkins1999
53%
26Paul George-
48%
19Tracy McGrady2013
48%
21Vince Carter-
48%
47Eddie Johnson1999
46%
24Larry Johnson2001
46%
32Marques Johnson1990
46%
14Alex English1991
40%
8Rick Barry1980
39%
18Chris Mullin2001
38%
27Shawn Marion2015
35%
23Grant Hill2013
33%
25Bernard King1993
32%
20David Thompson1984
31%
16Adrian Dantley1991
30%
31Peja Stojakovic2011
28%
29Glen Rice2004
25%
10Paul Arizin1962
25%
46Stephen Jackson2014
25%
35Ron Artest-
24%
37Andre Iguodala-
23%
30Mark Aguirre1994
23%
17Billy Cunningham1976
21%
48Gerald Wallace2015
20%
34Robert Horry2008
20%
42Reggie Lewis1993
16%
49Richard Jefferson2018
16%
36Bruce Bowen2009
15%
50Rashard Lewis2014
15%
44Rick Fox2004
15%
28Kiki Vandeweghe1993
12%
41Hedo Türkoğlu2015
11%
43Jamal Mashburn2006
11%
40Jerry Stackhouse2013
9%
45Shane Battier2014
9%
33Dan Majerle2002
8%
39Cliff Hagan1970
7%
22Jamaal Wilkes1986
7%
38Jack Twyman1966
6%

Score Distribution

Percentile by Number Answered

Percent of People with Each Score

Your Score History

You have not taken this quiz since the last reset